Responses for show #1076 - Monday, April 17, 1989

Contestants

Kathy Fuller, a graduate student from Baltimore, Maryland

Gerry Daley, a manufactor's represenative originally from Waterbury, Connecticut

Glenn Kane, an emergency physician from Venice, California (whose 2-day cash winnings total $23,699)

Jeopardy! Round responses

CURRENT EVENTS
ZOOLOGY
A.K.A.
ADS & COMMERCIALS
VOCABULARY
RECORDERS
    $100 1
the Palestinians

Glenn
    $100 17
taste buds

Kathy
    $100 3
Victor Borge

Glenn
    $100 5
Snap, Crackle & Pop

Gerry
    $100 14
the milk

Glenn
    $100 20
the minutes

Kathy
    $200 2
Imelda Marcos

Gerry
    $200 16
the eyes

Triple Stumper
    $200 6
Elia Kazan

Kathy
    $200 10
Sweet'n Low

Kathy
    $200 21
the odometer

Glenn
    $300 4
the stealth bomber

Kathy
    $300 15
freshwater snais

Triple Stumper
    $300 7
Ted Knight

Gerry
    $300 11
Peter Graves

Glenn
    $300 22
funereal

Glenn
    $300 25
(Gerry: What is the blue pages?)

a blue book

GerryKathy
    $400 12
the computer virus

Gerry
    $400 8
Ruby Keeler

Gerry
    $400 18
(Kathy: What is A.1.?)

Lea & Perrins

GerryKathy
    $400 23
(Kathy: What are apples?)
(Alex: We've got less than a minute to go.)

fruits

Kathy
Triple Stumper
    $1,000 26
(Alex: [*], "An Irish Lullaby".)

Bing Crosby

Kathy
    $500 13
John Denver

Kathy
    $500 9
Vilma Bánky

Kathy
    $500 19
L'Oréal

Kathy
    $500 24
a platitude

Glenn
    $500 27
[End-of-round signal sounds]

the (police) blotter

Glenn

Scores at the first commercial break (after clue 14):

Glenn Gerry Kathy
$600 $1,400 $1,700

Scores at the end of the Jeopardy! Round:

Glenn Gerry Kathy
$2,100 $1,500 $2,900

Double Jeopardy! Round responses

WORLD HISTORY
THE BRAIN
GEMS
RIVERS
ORGANIZATIONS
THE INSTRUMENT PLAYED
    $200 1
the Aztecs

Glenn
    $200 2
the grey matter

Gerry
    $200 7
moon stone

Kathy
    $200 12
(Kathy: Who is Roosevelt?)
(Alex: Be more specific.)
(Kathy: [*}.)

Theodore Roosevelt

Kathy
    $200 3
a Loyal Order (of Moose)

Glenn
    $200 25
the piano

Glenn
    $400 18
the Crusades

Gerry
    $400 4
a concussion

Glenn
    $2,000 8
(Kathy: What is a canary diamond?)

topaz

Kathy
    $400 13
the Mersey

Kathy
    $400 21
the League of Women Voters

Kathy
    $400 30
the drums

Gerry
    $600 17
Manchuria

Kathy
    $600 5
speech

Glenn
    $600 9
agate

Kathy
    $600 14
Florence

Glenn
    $2,000 22
(Kathy: What is Planned Parenthood?)

the March of Dimes

Kathy
    $600 27
a trumpet

Kathy
    $800 19
(Alexander) Dubček

Glenn
    $800 6
Japan

Kathy
    $800 10
faceted gems

Triple Stumper
    $800 15
the Snake

Kathy
    $800 23
a national tree

Kathy
    $800 28
the organ

Glenn
    $1000 20
the KGB (Soviet secret police)

Gerry
    $1000 26
the spinal cord

Glenn
    $1000 11
a resin

Kathy
    $1000 16
the Mackenzie River

Glenn
    $1000 24
UNICEF

Triple Stumper
    $1000 29
the guitar

Kathy

Scores at the end of the Double Jeopardy! Round:

Glenn Gerry Kathy
$7,900 $3,500 $6,300

[wagering suggestions for these scores]

Final Jeopardy! Round responses

U.S. COINS
GerryWhat are Indian and Lady Liberty?
$1,000
KathyWhat is an indain and miss Lib
$6,300
GlennWhat is Liberty
$4,701
Indian heads

Final scores:

Glenn Gerry Kathy
$3,199 $2,500 $0
3-day champion: $26,898 2nd place: a trip to Florida 3rd place: a Panasonic word processor

Game dynamics:

Coryat scores:

Glenn Gerry Kathy
$7,900 $3,500 $9,700
18 R,
0 W
10 R,
1 W
22 R
(including 1 DD),
4 W
(including 2 DDs)

Combined Coryat: $21,100

The J! Archive is created by fans, for fans. The Jeopardy! game show and all elements thereof, including but not limited to copyright and trademark thereto, are the property of Jeopardy Productions, Inc. and are protected under law. This website is not affiliated with, sponsored by, or operated by Jeopardy Productions, Inc. Join the discussion at JBoard.tv.